Complete the Card - WWE Backlash 2008 - Statistics

General Stats
  • This quiz has been taken 19 times
  • The average score is 20 of 26
Answer Stats
Answer % Correct
Batista
100%
Edge
100%
John Cena
100%
Kane
100%
MVP
100%
Randy Orton
100%
The Undertaker
100%
Beth Phoenix
92%
The Big Show
92%
Triple H
92%
Matt Hardy
85%
Natalya
85%
Shawn Michaels
85%
Kelly Kelly
77%
Layla
77%
Melina
77%
Chavo Guerrero
69%
Mickie James
69%
Michelle McCool
62%
The Great Khali
62%
John Bradshaw Layfield
54%
Victoria
54%
Jillian Hall
38%
Ashley
31%
Cherry
31%
Maria
31%
No matching quizzes found
Score Distribution
Percent of People with Each Score
Percentile by Number Answered
Your Score History
You have not taken this quiz